Pays, États non-reconnus et Territoires du Monde à l'aveugle - Statistiques

Statistiques générales
  • Ce quiz a été pris 3 fois
  • Le résultat moyen est 140 sur 247
Statistiques - réponses
Réponse % Correct
Afghanistan
100%
Andorre
100%
Angola
100%
Palestine
100%
Saint-Marin
100%
Afrique du Sud
67%
Albanie
67%
Algérie
67%
Allemagne
67%
Antigua-et-Barbuda
67%
Argentine
67%
Arménie
67%
Australie
67%
Autriche
67%
Azerbaïdjan
67%
Bahamas
67%
Bangladesh
67%
Barbade
67%
Belgique
67%
Belize
67%
Bénin
67%
Bhoutan
67%
Biélorussie
67%
Bolivie
67%
Bosnie-Herzégovine
67%
Botswana
67%
Brésil
67%
Brunei
67%
Bulgarie
67%
Burkina Faso
67%
Burundi
67%
Cambodge
67%
Cameroun
67%
Canada
67%
Cap-Vert
67%
Chili
67%
Chine
67%
Chypre
67%
Colombie
67%
Comores
67%
Corée du Nord
67%
Corée du Sud
67%
Costa Rica
67%
Côte d'Ivoire
67%
Croatie
67%
Danemark
67%
Djibouti
67%
Dominique
67%
Égypte
67%
Équateur
67%
Érythrée
67%
Espagne
67%
Estonie
67%
Eswatini
67%
États-Unis
67%
Éthiopie
67%
Fidji
67%
Finlande
67%
France
67%
Gabon
67%
Gambie
67%
Géorgie
67%
Ghana
67%
Grèce
67%
Grenade
67%
Guadeloupe
67%
Guatemala
67%
Guinée
67%
Guinée-Bissau
67%
Guinée équatoriale
67%
Guyana
67%
Guyane
67%
Haïti
67%
Honduras
67%
Hongrie
67%
Île Maurice
67%
Îles Cook
67%
Îles Féroé
67%
Îles Malouines
67%
Îles Marshall
67%
Inde
67%
Indonésie
67%
Irak
67%
Iran
67%
Irlande
67%
Islande
67%
Israël
67%
Italie
67%
Jamaïque
67%
Kazakhstan
67%
Kenya
67%
Kirghizistan
67%
Kiribati
67%
Kosovo
67%
Laos
67%
Lesotho
67%
Lettonie
67%
Liban
67%
Liberia
67%
Libye
67%
Liechtenstein
67%
Lituanie
67%
Luxembourg
67%
Macédoine du Nord
67%
Madagascar
67%
Malaisie
67%
Malawi
67%
Maldives
67%
Malte
67%
Maroc
67%
Martinique
67%
Mexique
67%
Micronésie
67%
Moldavie
67%
Monaco
67%
Mongolie
67%
Monténégro
67%
Mozambique
67%
Namibie
67%
Nauru
67%
Népal
67%
Nicaragua
67%
Niger
67%
Nigeria
67%
Norvège
67%
Nouvelle-Calédonie
67%
Nouvelle-Zélande
67%
Ouganda
67%
Ouzbékistan
67%
Pakistan
67%
Palaos
67%
Panama
67%
Papouasie-Nouvelle-Guinée
67%
Paraguay
67%
Pays-Bas
67%
Pérou
67%
Philippines
67%
Pologne
67%
Portugal
67%
République Centrafricaine
67%
République démocratique du Congo
67%
République dominicaine
67%
République du Congo
67%
République tchèque
67%
Roumanie
67%
Royaume-Uni
67%
Russie
67%
Rwanda
67%
Saint-Christophe-et-Niévès
67%
Sainte-Lucie
67%
Saint-Martin
67%
Saint-Vincent-et-les-Grenadines
67%
Salomon
67%
Salvador
67%
Samoa
67%
Sao Tomé-et-Principe
67%
Sénégal
67%
Serbie
67%
Seychelles
67%
Sierra Leone
67%
Singapour
67%
Slovaquie
67%
Slovénie
67%
Somalie
67%
Soudan
67%
Soudan du Sud
67%
Sri Lanka
67%
Suède
67%
Suisse
67%
Suriname
67%
Tadjikistan
67%
Taïwan
67%
Tanzanie
67%
Tchad
67%
Timor oriental
67%
Togo
67%
Tonga
67%
Trinité-et-Tobago
67%
Tunisie
67%
Turkménistan
67%
Turquie
67%
Tuvalu
67%
Ukraine
67%
Uruguay
67%
Vanuatu
67%
Vatican
67%
Venezuela
67%
Viêt Nam
67%
Wallis-et-Futuna
67%
Zambie
67%
Zimbabwe
67%
Anguilla
33%
Arabie Saoudite
33%
Aruba
33%
Bahreïn
33%
Birmanie
33%
Chypre du Nord
33%
Cuba
33%
Curaçao
33%
Émirats arabes unis
33%
Gibraltar
33%
Groenland
33%
Guam
33%
Guernesey
33%
Île de Man
33%
Îles Mariannes du Nord
33%
Îles Pitcairn
33%
Japon
33%
Jersey
33%
Jordanie
33%
Koweït
33%
La Réunion
33%
Mali
33%
Mauritanie
33%
Mayotte
33%
Montserrat
33%
Niue
33%
Oman
33%
Porto Rico
33%
Saint-Barthélemy
33%
Samoa américaines
33%
Sint Maarten
33%
Syrie
33%
Thaïlande
33%
Yémen
33%
Abkhazie
0%
Bermudes
0%
Hong Kong
0%
Île Christmas
0%
Île Norfolk
0%
Îles Caïmans
0%
Îles Cocos (Keeling)
0%
Îles Turques-et-Caïques
0%
Îles Vierges britanniques
0%
Îles Vierges des États-Unis
0%
Macao
0%
Ossétie du Sud
0%
Pays-Bas caribéens
0%
Polynésie Française
0%
Qatar
0%
République arabe sahraouie démocratique
0%
Sainte-Hélène, Ascension et Tristan da Cunha
0%
Saint-Pierre-et-Miquelon
0%
Somaliland
0%
Svalbard et Jan Mayen
0%
Tokelau
0%
Transnistrie
0%
Aucun quiz correspondant
Distribution des résultats
% des personnes avec chaque résultat
Percentile par nombre de réponses
Votre historique - résultats
Vous n’avez pas pris ce quiz